Nhập môn khoa học du lịch
Enregistré dans:
| Auteur principal: | |
|---|---|
| Format: | Livre |
| Langue: | Undetermined |
| Publié: |
Hà Nội
Đại Học Quốc Gia
1999
|
| Sujets: | |
| Tags: |
Ajouter un tag
Pas de tags, Soyez le premier à ajouter un tag!
|
| Thư viện lưu trữ: | Trung tâm Học liệu Trường Đại học Cần Thơ |
|---|
| LEADER | 00496nam a2200169Ia 4500 | ||
|---|---|---|---|
| 001 | CTU_37120 | ||
| 008 | 210402s9999 xx 000 0 und d | ||
| 082 | |a 338.47 | ||
| 082 | |b Th107 | ||
| 100 | |a Trần Đức Thanh | ||
| 245 | 0 | |a Nhập môn khoa học du lịch | |
| 245 | 0 | |c Trần Đức Thanh | |
| 260 | |a Hà Nội | ||
| 260 | |b Đại Học Quốc Gia | ||
| 260 | |c 1999 | ||
| 650 | |a service industries,tourism | ||
| 980 | |a Trung tâm Học liệu Trường Đại học Cần Thơ | ||